000 00320nam a22001457a 4500
003 SGT
082 _a617.52
_bC99C
100 _aCCRH
245 _aREPERTORY CHAPTER FACE: ADDITIONS FROM PROERICKE'S
260 _aDELHI
_bCCRH
_c1999
300 _a53
650 _aHOMOEOPATHIC
653 _aREPERTORY
942 _2ddc
_cBK
999 _c18155
_d18155